STN EN 300 468 V1.9.1: 2010, [neplatná] (87 0468) Digitálne televízne vysielanie (DVB). Špecifikácia informácií o službách (SI) v systémoch DVB
Táto norma je slovenskou verziou európskej normy EN 300 468: 2009 V1.9.1. Preklad zabezpečil Slovenský ústav technickej normalizácie. Táto norma má rovnaké postavenie, ako majú oficiálne verzie
| Corporate Author: | |
|---|---|
| Other Authors: | , |
| Format: | Software eBook |
| Language: | Slovak English |
| PhysicalDescription: | 1 elektronický optický disk (CD-ROM) čb. 12 cm |
| Published: |
Bratislava
Slovenský ústav technickej normalizácie
2010
|
| Subjects: |
MARC
| LEADER | 00000nam a2200000 a 4500 | ||
|---|---|---|---|
| 001 | vtls010190711 | ||
| 003 | SK-MaSNL | ||
| 005 | 20260301213155.0 | ||
| 007 | co bg auuua | ||
| 008 | 160627s2010 xo ka fsu 000 0 slo | ||
| 015 | |a SNBS2011/03-02454 | ||
| 020 | |c (cen. skup. 19) | ||
| 040 | |a SNK |b slo |c SNK |e AACR2 | ||
| 041 | 1 | |a slo |h eng | |
| 044 | |a xo |c SK | ||
| 046 | |a s |m 201011 (účin.) | ||
| 072 | 7 | |a 621.3 |x Elektrotechnika |2 konspekt | |
| 072 | 7 | |a 654 |x Telekomunikácie a diaľkové riadenie |2 konspekt | |
| 080 | |a 621.397 |2 2001 | ||
| 080 | |a 654.172 |2 2001 | ||
| 080 | |a (437.6) |2 2001 | ||
| 080 | |a (4) |2 2001 | ||
| 080 | |a 006.7/.8 |2 2001 | ||
| 080 | |a (083) |2 2001 | ||
| 080 | |a (0.034.44) |2 2001 | ||
| 084 | |a 33 170 |2 ICS | ||
| 130 | 0 | |a STN 87 0468 [neplatná] (STN EN 300 468 V1.9.1) |9 599720 | |
| 245 | 1 | 0 | |a STN EN 300 468 V1.9.1: 2010, [neplatná] (87 0468) Digitálne televízne vysielanie (DVB). Špecifikácia informácií o službách (SI) v systémoch DVB |h elektronický zdroj |c spracovateľ Výskumný ústav spojov Banská Bystrica, Juraj Meniar, Milan Legíň |
| 246 | 1 | 0 | |a Digitálne televízne vysielanie (DVB) |
| 246 | 3 | |a EN 300 468: 2009 V1.9.1 E | |
| 246 | 1 | 0 | |a Špecifikácia informácií o službách (SI) v systémoch DVB |
| 260 | |a Bratislava |b Slovenský ústav technickej normalizácie |c 2010 | ||
| 300 | |a 1 elektronický optický disk (CD-ROM) |b čb. |c 12 cm | ||
| 500 | |a Názov z titulnej obrazovky | ||
| 500 | |a Táto norma nahrádza anglickú verziu STN EN 300 468 V1. 9. 1 zo septembra 2009 v celom rozsahu | ||
| 504 | |a Literatúra s. 143 | ||
| 516 | |a Textové informácie (technické normy) | ||
| 520 | 8 | |a Táto norma je slovenskou verziou európskej normy EN 300 468: 2009 V1.9.1. Preklad zabezpečil Slovenský ústav technickej normalizácie. Táto norma má rovnaké postavenie, ako majú oficiálne verzie | |
| 538 | |a Technické požiadavky: MS Windows 95/98/2000/XP, Acrobat Reader 5.0 | ||
| 540 | |a STN vydané na akomkoľvek nosiči sa môžu rozmnožovať a rozširovať iba so súhlasom určenej právnickej osoby |b SÚTN Bratislava |c zákon 264/1999 Z.z. | ||
| 650 | 0 | 7 | |a televízna technika |2 SVKBBPH |9 247453 |
| 650 | 0 | 7 | |a digitálna televízia |2 SVKBBPH |9 73737 |
| 650 | 0 | 7 | |a technické normy a štandardy |z Slovensko |2 SVKBBPH |9 79594 |
| 650 | 0 | 7 | |a technické normy a štandardy |z krajiny Európskej únie |2 SVKBBPH |9 289341 |
| 655 | 7 | |a normy |2 SVKBBPH |9 70643 | |
| 655 | 7 | |a elektronické dokumenty |2 SVKBBPH |9 70518 | |
| 700 | 1 | |a Meniar, Juraj |4 trl |9 321021 | |
| 700 | 1 | |a Legíň, Milan |4 trl |9 314785 | |
| 710 | 2 | |a Slovenský ústav technickej normalizácie (Bratislava, Slovensko) |b TK 80 Rádiokomunikácie |4 stn |9 542621 | |
| 710 | 2 | |a Výskumný ústav spojov (Banská Bystrica, Slovensko) |4 aut |9 33958 | |
| 852 | |a Štátna vedecká knižnica v Banskej Bystrici | ||
| 958 | |a OP | ||
| 958 | |a NB | ||
| 999 | |c 920713 |d 922643 | ||
| 952 | |a SNK |b SNK |y PREZ |7 0 |p 17A0681052 |o snkSTN EN 300 468 V1.9.1 |i snk2010/26158 |8 0 |0 0 |1 0 |4 0 |d 2010-11-25 |l 0 |r 2026-02-24 08:14:17 |w 2026-02-24 | ||
| 952 | |t snkSTN EN 300468 |a SNK |b SNK |y PREZ |7 0 |p 17A0681051 |o snkSTN EN 300 468 V1.9.1 D1 |i snk2010/26159 |8 0 |0 0 |1 0 |4 0 |d 2010-11-25 |l 0 |r 2026-02-24 08:14:18 |w 2026-02-24 | ||


